| Поле | Инд. | ПП | Название | Значение |
|---|---|---|---|---|
| Тип записи | a | |||
| Библиографический уровень | b | |||
| 001 | Контрольный номер | UNIDUBNA43e56f57ce534ab2a1af7f1cd0fb01a4 | ||
| 005 | Дата корректировки | 20230901170559.3 | ||
| 084 | a | Индекс другой классификации/Индекс ББК | 60.993; 88.93 | |
| 100 | 1_ | a | Автор | Чалышева М. В. |
| 100 | 1_ | a | Автор | Бурлева О. А. |
| 245 | 10 | a | Заглавие | Формирование навыков самообслуживания как путь повышения качества жизни детей-инвалидов |
| 504 | a | Библиография | Лит. в конце статьи | |
| 520 | 0_ | a | Аннотация | О работе отделения социальной реабилитации и абилитации детей с ограниченными возможностями по формированию навыков и умений самообслуживания, психологической уверенности, самостоятельности, независимости, социально-бытовой и социально-средовой адаптации. Последовательное и целенаправленное формирование навыков самообслуживания выступает одним из путей повышения качества жизни детей-инвалидов. Представлен конспект занятия на тему "Правила поведения за столом". |
| 650 | 04 | a | Основная рубрика | практическая психология (прикладная психология) |
| a | Основная рубрика | психокоррекция | ||
| a | Основная рубрика | психология | ||
| a | Основная рубрика | социальная работа | ||
| 653 | 0_ | a | Ключевые слова | абилитация |
| a | Ключевые слова | воспитание | ||
| a | Ключевые слова | дети-инвалиды | ||
| a | Ключевые слова | дома-интернаты | ||
| a | Ключевые слова | культурно-гигиенические навыки | ||
| a | Ключевые слова | методика реабилитации | ||
| a | Ключевые слова | психологическая диагностика | ||
| a | Ключевые слова | психологическая поддержка | ||
| a | Ключевые слова | психологическое консультирование | ||
| a | Ключевые слова | психологическое тестирование | ||
| a | Ключевые слова | психосоциальная реабилитация | ||
| a | Ключевые слова | реабилитационные центры | ||
| a | Ключевые слова | Россия | ||
| a | Ключевые слова | самообслуживание | ||
| a | Ключевые слова | социальная адаптация | ||
| a | Ключевые слова | социальная помощь | ||
| a | Ключевые слова | социальная реабилитация | ||
| a | Ключевые слова | социально-бытовая адаптация | ||
| a | Ключевые слова | социальное обслуживание | ||
| a | Ключевые слова | социально-психологические услуги | ||
| a | Ключевые слова | социально-средовая адаптация | ||
| 773 | 18 | t | Заглавие источника | Работник социальной службы |
| d | Дата издания источника | 2022 | ||
| g | Прочая информация | № 9. - С. 50 - 58 | ||
| w | Контрольный № источника | UNIDUBNA9b0d432b98684aa794a10c014968fe0a | ||
| 901 | t | Тип документа | b |